000 00774nam a2200265Ia 4500
003 OSt
005 20220926004921.0
006 a|||||r|||| 00| 0
007 ta
008 220923b |||||||| |||| 00| 0 eng d
020 _a8170368995
037 _cGeneral Book
040 _aRTL
_cRTL
_beng
041 _2eng
_aeng
082 _aX:9, P0
100 _aSaini Debi S Ed.
_9298295
245 0 _aHuman resource management
_b Perspectives for the new era
260 _a New Delhi
_bSage India
_c2000
300 _a370p.
_ccm.
650 _a Personnel Management
_929105
650 _aLabour Economics
_921364
700 _a Khan Sami A Ed.
_9309485
942 _hX:9, P0
_cGB
_2CC
999 _c612592
_d612592